| 000 | 00998nam a22002775a 4500 | ||
|---|---|---|---|
| 999 |
_c29420 _d29391 |
||
| 003 | EG-ScBUE | ||
| 005 | 20210915141212.0 | ||
| 008 | 180430n201u xx a f 000 0 ara d | ||
| 040 |
_aEG-ScBUE _bara _erda _cEG-ScBUE _dEG-ScBUE |
||
| 043 |
_ama----- _aa------ _af------ |
||
| 082 | 0 | 4 |
_a297.272 _bس و ي _222 |
| 100 | 1 |
_aالسويدي، جمال سند، _eمؤلف. |
|
| 245 | 1 | 2 |
_aالسراب / _cجمال سند السويدي. |
| 264 | 1 |
_a[مكان النشر غير محدد] : _b[الناشر غير محدد]، _c[201-؟] |
|
| 300 |
_aمجلد بدون ترقيم ؛ _c18 سم |
||
| 336 |
_2rdacontent _aنص _btxt |
||
| 337 |
_2rdamedia _aبدون وسيط _bn |
||
| 338 |
_2rdacarrier _aمجلد _bnc |
||
| 541 | _cإهداء. | ||
| 650 | 7 |
_aالإسلام والسياسة. _2BUEsh _913370 |
|
| 650 | 7 |
_aالإرهاب _xجوانب دينية _xالإسلام _yقرن 21. _2BUEsh |
|
| 651 | _2BUEsh | ||
| 653 |
_bBUSBOL _cSeptember2021 |
||
| 655 |
_vReading book _934232 |
||
| 942 | _2ddc | ||